Countries Closest to the Maldives - One Minute Sprint - Statistics

General Stats
  • This quiz has been taken 162 times
  • The average score is 13 of 20
Answer Stats
km country miles % Correct
607 India 377
100%
760 Sri Lanka 472
95%
2248 Pakistan 1397
84%
2579 Bangladesh 1602
77%
2371 Oman 1473
74%
2663 Iran 1655
72%
2286 Yemen 1420
71%
2671 Saudi Arabia 1660
70%
2619 Burma 1628
68%
2391 Indonesia 1486
66%
2776 Nepal 1725
66%
2770 Thailand 1721
62%
2853 United Arab Emirates 1773
62%
3016 Bhutan 1874
61%
2173 Seychelles 1350
59%
2961 Malaysia 1840
58%
2958 Afghanistan 1838
56%
2955 China 1836
54%
2536 Somalia 1576
53%
2855 Ethiopia 1774
27%
No matching quizzes found
Score Distribution
Percent of People with Each Score
Percentile by Number Answered
Your Score History
You have not taken this quiz